Les Spectres d'Hadès dans Saint Seiya - Statistiques

Statistiques générales
  • Ce quiz a été pris 233 fois
  • Le résultat moyen est 14 sur 39
Statistiques - réponses
Surplis Première Apparition Etoile Nom % Correct
Griffon (Juge des Enfers) Série originale Noblesse Minos
98%
Garuda (Juge des Enfers) Série originale Supériorité Eaque
93%
Wyverne (Juge des Enfers) Série originale Fureur Rhadamanthe
81%
Papillon Série originale Séduction Myu
70%
Balron Série originale Excellence Lune
67%
Sphinx Série originale Bestialité (céleste) Pharaoh
64%
Harpie Série originale Lamentation Valentine
60%
Achéron Série originale Intervalle Espace-Temps Charon
56%
Deep Série originale Obscurité Niobé
56%
Cyclope Série originale Violence (terrestre) Gigant
55%
Bénou Lost Canvas Violence (céleste) Kagaho
55%
Grenouille Série originale Etrangeté Zélos
51%
Alraune Série originale Magie Queen
49%
Ver Série originale Dissimulation Raimi
48%
Basilic Série originale Victoire Sylphide
47%
Minotaure Série originale Emprisonnement Gordon
41%
Dullahan Série originale Ombre Cube
40%
Golem Série originale Corne Rock
38%
Behemoth Lost Canvas Solitude Violate
34%
Lycaon Série originale Crime Phlégyas
33%
Méphistophélès Lost Canvas Commandement Yoma
31%
Troll Série originale Echec Yvan
31%
Scarabée Mortel Série originale Laideur Stand
28%
Caith Sith Lost Canvas Bestialité (terrestre) Cheshire
23%
Elfe Série originale Infériorité Mills
20%
Nasu Lost Canvas Investigation Veronica
19%
Chauve-souris Lost Canvas Recherche Wimber
18%
Gorgone Série originale Course Ochs
16%
Nécromancien Lost Canvas Esprits Byaku
15%
Mandragore Lost Canvas Blessure Fyodor
15%
Dryade Lost Canvas Chronicles Posture Luco
15%
Cetus Lost Canvas Chronicles Douleur Chris
12%
Sylphe Lost Canvas Envol Edvard
11%
Hanuman Lost Canvas Habileté Tokusa
9%
Vampire Lost Canvas Chronicles Longévité Earheart
6%
Genbu Lost Canvas Retraite Gregor
6%
? Lost Canvas Chronicles Chef Atavaka
5%
Oupyr Lost Canvas Chronicles Cause Raybould
5%
? Lost Canvas Chronicles Oppression Kageboshi
3%
Aucun quiz correspondant
Distribution des résultats
% des personnes avec chaque résultat
Percentile par nombre de réponses
Votre historique - résultats
Vous n’avez pas pris ce quiz